000 00318nam a2200121Ia 4500
005 20260328104335.0
008 260328s9999||||xx |||||||||||||| ||und||
100 _aVitruvio, Marco Lucio
245 0 _aLos Diez Libros de Arquitectura /
_cMarco Lucio Vitruvio
300 _a299 p.
650 _aARQUITECTURA
942 _cBK
999 _c11884
_d11884